00914 2200325 4500001002100000005001500021035002000036007000300056008004100059040001700100100002900117245006500146250001000211300003500221020002200256041000800278082000800286084001400294090002100308260004700329850001000376650001200386264004400398336002100442337003000463338002300493500002800516990002200544990002200566INLIS00000000000873720260518091811 a0010-1022000112ta260518 0  aSBPUPADbInd0 aNur IswantaraePengarang1 aKreativitas Sejarah, Teori Dan Perkembangan /cNur Iswantara acet.1 a194 hlm :bilus. ;c15,5x23 cm a978-602-1220-17-707aInd a900 a900 NUR k a690 ERL h L21-10 aJakarta :bMinerva Athena Pressindo,c2000 aPUPAD 4aSejarah aJakarta :bGigih Pustaka Mandiri,c2017 2rdacontentateks 2rdamediaatanpa perantara 2rdacarrieravolume aTentang Penulis 187-194 a30.173/B/DPK/2018 a30.174/B/DPK/2018